| 000 | 01616cam a22003131i 4500 | ||
|---|---|---|---|
| 003 | SA-RiAUC | ||
| 005 | 20250511080439.0 | ||
| 008 | 250507s1994 sy g b 000 0dara c | ||
| 040 |
_aJO-MaAABU _bara _cSA-RiAUC _erda |
||
| 082 | 0 | 4 |
_a232 _qSA-RiAUC |
| 090 |
_a232 _bح ل ب |
||
| 100 | 1 |
_aالحلبي، عبد الله سراج الدين، _d1924-2002 _eمؤلف. |
|
| 245 | 1 | 0 |
_aإعلام الطلبة الناجحين فيما علا من أسانيد الشيخ عبد الله سراج الدين / _cأبو النجيب عبد الله سراج الدين الحسيني الحلبي الحنفي، صفي الدين أبي محمد علاء الدين ؛ تخريج أحمد بن سردار الحلبي الشافعي. |
| 250 | _aالطبعة الأولى. | ||
| 264 | 1 |
_aحلب، سوريا : _bدار القلم العربي، _c1994 |
|
| 300 |
_a203 صفحة ؛ _c24 سم |
||
| 336 |
_aنص _btxt _2rdacontent _3كتاب |
||
| 337 |
_aبدون وسيط _bn _2rdamedia |
||
| 338 |
_aمجلد _bnc _2rdacarrier |
||
| 504 | _aيشتمل على إرجاعات ببليوجرافية. | ||
| 600 | 1 | 7 |
_aسراج الدين، عبد الله، _d1924-2002 _2aucnm |
| 650 | 7 |
_aالحديث _xإسناد _2aucsh |
|
| 650 | 7 |
_aالحديث _xرواية _2aucsh |
|
| 650 | 7 |
_aالحديث _xمستخرجات _2aucsh |
|
| 700 | 1 |
_aعلاء الدين، صفي الدين أبي محمد، _d1344-1418 هجري _eمؤلف. |
|
| 700 | 1 |
_aعلاء الدين، صفي الدين أبي محمد، _d1344-1418 هجري _eمخرج أحاديث. |
|
| 942 |
_2ddc _cBOOK _n0 |
||
| 949 |
_aSA-JeALM _d250507 _umohamedma123 _n1 |
||
| 999 |
_c7809 _d7809 |
||